|
|
|
|
| LEADER |
00000nab a2200000 a 4500 |
| 001 |
vtls009522552 |
| 003 |
SK-MaSNL |
| 005 |
20260304153008.0 |
| 008 |
250506 2009 xo || |||| ||slo |
| 015 |
|
|
|a SNBRB2009/06
|2 snkbucl
|
| 035 |
|
|
|a urn:nbn:sk:snk-ab89rh
|
| 035 |
|
|
|a (urnnbn)urn:nbn:sk:snk:ar-006ulh
|
| 035 |
|
|
|a (uuid)031172e3-4838-433b-8631-ae17e0b7be28
|
| 038 |
|
|
|a SNKBUCL
|
| 040 |
|
|
|a SNKBUCL
|b slo
|c SNKBUCL
|e AACR2
|
| 041 |
0 |
|
|a slo
|
| 044 |
|
|
|a xo
|c SK
|
| 080 |
|
|
|a 636.2.083.1
|2 2001
|
| 100 |
1 |
|
|a Kukučka, Marián
|4 aut
|9 267563
|
| 245 |
1 |
0 |
|a Westermann Cleanmeleon 3 - zlatý začiatok
|c Marián Kukučka
|
| 300 |
|
|
|c Fotogr.
|
| 650 |
0 |
7 |
|a hovädzí dobytok
|2 snkbucl
|9 2818
|
| 650 |
0 |
7 |
|a maštale
|2 snkbucl
|9 18699
|
| 650 |
0 |
7 |
|a podlahy
|2 snkbucl
|9 25280
|
| 650 |
0 |
7 |
|a čistenie
|2 snkbucl
|9 403348
|
| 650 |
0 |
7 |
|a Westermann CME 3 (stroj)
|2 snkbucl
|9 1475746
|
| 773 |
0 |
|
|t Slovenský chov
|g Roč. XIV, č. 4 (2009), s. 20-21
|x 1335-1990
|
| 850 |
|
|
|a Slovenská národná knižnica
|
| 852 |
|
|
|a Slovenská národná knižnica
|
| 954 |
|
|
|a odborná, vedecká literatúra pôvodná (slovenská)
|2 lita
|
| 958 |
|
|
|a article9
|
| 958 |
|
|
|a OND
|
| 958 |
|
|
|a EUIPO
|
| 999 |
|
|
|c 2952012
|d 2953942
|